Portmenteaux A-Z - Statistics

General Stats
  • This quiz has been taken 9 times
  • The average score is 15 of 26
Answer Stats
Letter Word 1 Answer Word 2 % Correct
A Ankle Anklet Bracelet
100%
B Breakfast Brunch Lunch
100%
C Camera Camcorder Recorder
100%
D Dumb Dumbfound Confound
78%
G Glamour Glamping Camping
78%
I Internal Intercom Communication
78%
J Jeans Jeggings Leggings
78%
M Motor Motel Hotel
78%
S Situational Sitcom Comedy
78%
V Vegetable Vegemite Marmite
78%
W Work Workaholic Alcoholic
78%
F Frappé Frappuccino Cappuccino
67%
H Hermes Hermaphrodite Aphrodite
67%
N News Newscast Broadcast
67%
Q Quintessence Quintessential Essential
67%
T Twist Twirl Whirl
67%
E Electric Electrocution Execution
44%
R Reinforced Rebar Bar
44%
U Urine Urinalysis Analysis
44%
L Light Lidar Radar
33%
Z Zebra Zorse Horse
33%
O Omnibus Omnishambles Shambles
22%
P Protein Prion Infection
22%
X Xeros Xeriscape Landscape
11%
Y Yuzu Yuzuquat Kumquat
11%
K Kite Kytoon Balloon
0%
No matching quizzes found
Score Distribution
Percent of People with Each Score
Percentile by Number Answered
Your Score History
You have not taken this quiz